[Event "Bremen Jubilee 125 op"]
[Site "Bremen"]
[Date "2024.03.07"]
[Round "6"]
[White "Hejazipour, Mitra"]
[Black "Pruijssers, Roeland"]
[Result "0-1"]
[WhiteElo "2356"]
[BlackElo "2537"]
[PlyCount "80"]
[EventDate "2024.03.02"]
[EventType "swiss"]
[EventRounds "9"]
[EventCountry "GER"]
[SourceTitle "CB11_2024"]
[SourceDate "2024.03.13"]
[SourceVersion "1"]
[SourceVersionDate "2024.03.13"]
[SourceQuality "1"]

1. d4 d5 2. c4 e6 3. Nc3 Nf6 4. cxd5 exd5 5. Bg5 c6 6. e3 Be7 7. Qc2 Nbd7 8. Bd3 h6 9. Bh4 Nh5 10. Bxe7 Qxe7 11. Nge2 Nb6 12. h3 Be6 13. g4 Nf6 14. 0-0-0 0-0-0 15. Kb1 Kb8 16. Nc1 Ne8 17. Nb3 Bc8 18. Ne2 h5 19. Bf5 Bxf5 20. Qxf5 Nd6 21. Qc2 Qh4 22. Ng3 hxg4 23. Nf5 Nxf5 24. Qxf5 gxh3 25. Qxf7 Qe4+ 26. Ka1 Rd7 27. Qf4+ Qxf4 28. exf4 Re7 29. Nc5 Nc4 30. b3 Nd6 31. Rh2 Rh4 32. Nd3 Nb5 33. Ne5 Rxf4 34. a4 Rxd4 35. Re1 Nc3 36. Rxh3 Ne4 37. f4 a5 38. Rh7 Rd2 39. Rc1 Rf2 40. Ng6 Nc3 0-1

[Event "Bremen Jubilee 125 op"]
[Site "Bremen"]
[Date "2024.03.06"]
[Round "5"]
[White "Plat, Vojtech"]
[Black "Hejazipour, Mitra"]
[Result "1-0"]
[WhiteElo "2528"]
[BlackElo "2356"]
[PlyCount "87"]
[EventDate "2024.03.02"]
[EventType "swiss"]
[EventRounds "9"]
[EventCountry "GER"]
[SourceTitle "CB11_2024"]
[SourceDate "2024.03.13"]
[SourceVersion "1"]
[SourceVersionDate "2024.03.13"]
[SourceQuality "1"]

1. e4 c5 2. Nf3 d6 3. c3 Nf6 4. Be2 g6 5. 0-0 Bg7 6. Bb5+ Nc6 7. d4 0-0 8. d5 a6 9. Bd3 Na5 10. Nbd2 b5 11. Re1 e6 12. dxe6 Bxe6 13. a4 Qb6 14. h3 Rfe8 15. axb5 axb5 16. Bc2 Nc6 17. Rxa8 Rxa8 18. Nf1 d5 19. Ng5 d4 20. Nxe6 fxe6 21. cxd4 cxd4 22. Bb3 Na5 23. Bc2 Nd7 24. Kh1 e5 25. Ne3 Nf6 26. Nd5 Nxd5 27. exd5 Nc4 28. b3 Nd6 29. Qg4 Qc7 30. Bb1 Qc3 31. Qe6+ Nf7 32. Rg1 Qc8 33. Be4 Qf8 34. Bd2 Ra2 35. Bg5 Ra6 36. Qxa6 Nxg5 37. f3 Nxe4 38. fxe4 d3 39. Qe6+ Kh8 40. d6 d2 41. d7 Bf6 42. Qe8 Kg7 43. Qxf8+ Kxf8 44. Rd1 1-0

[Event "Bremen Jubilee 125 op"]
[Site "Bremen"]
[Date "2024.03.03"]
[Round "2"]
[White "Hejazipour, Mitra"]
[Black "Knaak, Rainer"]
[Result "1-0"]
[WhiteElo "2356"]
[BlackElo "2450"]
[PlyCount "81"]
[EventDate "2024.03.02"]
[EventType "swiss"]
[EventRounds "9"]
[EventCountry "GER"]
[SourceTitle "CB11_2024"]
[SourceDate "2024.03.13"]
[SourceVersion "1"]
[SourceVersionDate "2024.03.13"]
[SourceQuality "1"]

1. d4 d5 2. Nf3 Nf6 3. c4 e6 4. e3 Nbd7 5. Nbd2 Be7 6. Bd3 0-0 7. 0-0 b6 8. e4 Bb7 9. cxd5 exd5 10. e5 Nh5 11. Qc2 g6 12. Re1 Ng7 13. Nf1 Re8 14. Ne3 Ne6 15. Qb3 Ndf8 16. a4 a6 17. Ng4 h5 18. Ne3 c5 19. Qd1 Nh7 20. Nc2 c4 21. Bf1 b5 22. Bd2 Bc6 23. a5 Bb7 24. g3 Bc8 25. Bb4 Nc7 26. Qd2 Bf5 27. Bxe7 Qxe7 28. Nb4 Be4 29. Bg2 Kg7 30. Nh4 Bxg2 31. Kxg2 Ne6 32. Nf3 Qd7 33. Re2 Red8 34. h4 Qe8 35. Ne1 Nhf8 36. Nec2 Nc7 37. Ne3 Qe6 38. f4 Kg8 39. Rf1 Ne8 40. f5 gxf5 41. Nxf5 1-0

[Event "Nancy Rapid op 22nd"]
[Site "Meurthe et Moselle"]
[Date "2024.02.18"]
[Round "4"]
[White "Gharamian, Tigran"]
[Black "Hejazipour, Mitra"]
[Result "1-0"]
[WhiteElo "2588"]
[BlackElo "2356"]
[PlyCount "161"]
[EventDate "2024.02.18"]
[EventType "swiss (rapid)"]
[EventRounds "9"]
[EventCountry "FRA"]
[SourceTitle "CB08_2024"]
[SourceDate "2024.02.21"]
[SourceVersion "1"]
[SourceVersionDate "2024.02.21"]
[SourceQuality "1"]

1. e4 c5 2. Nf3 d6 3. Bc4 Nf6 4. d3 e6 5. Bb3 Be7 6. 0-0 0-0 7. Re1 b5 8. c3 Bb7 9. Nbd2 Nc6 10. Bc2 e5 11. a4 a6 12. Nf1 Re8 13. Ng3 g6 14. d4 cxd4 15. cxd4 Qc7 16. Bb3 Na5 17. Ba2 Nc4 18. Bg5 Nxb2 19. Qb3 Nc4 20. axb5 axb5 21. Qxb5 Ba6 22. Qa4 Nd7 23. Bxc4 Nb6 24. Bxf7+ Kxf7 25. Qb4 exd4 26. Qxd4 Qc5 27. Bxe7 Rxe7 28. Rec1 Qxd4 29. Nxd4 Bd3 30. Rxa8 Nxa8 31. f3 Nb6 32. Kf2 d5 33. exd5 Nxd5 34. Rd1 Nf4 35. Rd2 h5 36. h4 Bb1 37. Nc6 Rc7 38. Rd6 Bc2 39. Ne2 Nd3+ 40. Rxd3 Rxc6 41. Rc3 Rxc3 42. Nxc3 Kf6 43. Ke3 Ke5 44. Ne2 Bb1 45. Nd4 Ba2 46. Nc6+ Kf5 47. Nd4+ Ke5 48. Ne2 Bf7 49. Nf4 Kf5 50. Nh3 Ke5 51. Ng5 Bd5 52. g3 Kf5 53. Nh3 Bc6 54. Nf4 Be8 55. Ne2 Bd7 56. Nd4+ Ke5 57. Nb3 Be6 58. Nc5 Bf5 59. Ne4 Bc8 60. Nd2 Bd7 61. Nc4+ Kf5 62. Nd6+ Ke5 63. Ne4 Kf5 64. Nc5 Bc6 65. Nb3 Bb7 66. Nd2 g5 67. hxg5 Kxg5 68. Ne4+ Kg6 69. Kf4 Ba8 70. Ke5 Bb7 71. f4 Bc8 72. Nd6 Bd7 73. Nc4 Bc8 74. Ne3 Bd7 75. Ng2 Bc8 76. Nh4+ Kg7 77. f5 Kh6 78. Kf6 Bd7 79. Nf3 Bc6 80. Ne5 Be4 81. Nf7+ 1-0

[Event "Nancy Rapid op 22nd"]
[Site "Meurthe et Moselle"]
[Date "2024.02.18"]
[Round "7"]
[White "Hejazipour, Mitra"]
[Black "Berend, Fred"]
[Result "0-1"]
[WhiteElo "2356"]
[BlackElo "2244"]
[PlyCount "56"]
[EventDate "2024.02.18"]
[EventType "swiss (rapid)"]
[EventRounds "9"]
[EventCountry "FRA"]
[SourceTitle "CB08_2024"]
[SourceDate "2024.02.21"]
[SourceVersion "1"]
[SourceVersionDate "2024.02.21"]
[SourceQuality "1"]

1. Nf3 d5 2. c4 e6 3. d4 Nf6 4. Nc3 c5 5. cxd5 Nxd5 6. e4 Nxc3 7. bxc3 cxd4 8. cxd4 Bb4+ 9. Bd2 Bxd2+ 10. Qxd2 0-0 11. Bc4 Nd7 12. 0-0 b6 13. d5 Nc5 14. Rad1 Qe8 15. Rfe1 Qa4 16. Qd4 Rd8 17. Ne5 exd5 18. Nxf7 Kxf7 19. exd5 Rd6 20. Qf4+ Rf6 21. d6+ Kf8 22. Qe5 Be6 23. Bxe6 Nxe6 24. d7 Rd8 25. Rd6 Qf4 26. Qxf4 Nxf4 27. Rd4 Ne6 28. Rd6 Nc5 0-1

[Event "EU-ch Rapid (Women)"]
[Site "Monaco"]
[Date "2024.01.14"]
[Round "9"]
[White "Hunt, Harriet"]
[Black "Hejazipour, Mitra"]
[Result "1/2-1/2"]
[WhiteElo "2306"]
[BlackElo "2356"]
[PlyCount "138"]
[EventDate "2024.01.13"]
[EventType "swiss (rapid)"]
[EventRounds "11"]
[EventCountry "MNC"]
[SourceTitle "CB03_2024"]
[SourceDate "2024.01.17"]
[SourceVersion "1"]
[SourceVersionDate "2024.01.17"]
[SourceQuality "1"]

1. e4 c5 2. Nf3 d6 3. c3 Nf6 4. h3 g6 5. Bd3 Bg7 6. 0-0 0-0 7. Re1 Nc6 8. Bc2 e5 9. d3 a6 10. a4 Rb8 11. Bg5 h6 12. Be3 b5 13. axb5 axb5 14. Qd2 Kh7 15. b4 Qe7 16. Na3 Be6 17. Reb1 cxb4 18. cxb4 Rfc8 19. Bb3 Bxb3 20. Rxb3 d5 21. Bc5 Qe6 22. exd5 Nxd5 23. Re1 Nf4 24. Rbb1 Qd5 25. Re3 Rd8 26. Rd1 f5 27. Nb1 Qf7 28. Nc3 e4 29. d4 exf3 30. Rxf3 Nd5 31. Ne2 Nf6 32. Ng3 Qd5 33. Qc2 Ne4 34. Ne2 Nxc5 35. bxc5 b4 36. Rb3 Qf7 37. Rbd3 b3 38. Qb1 b2 39. R3d2 Qc4 40. Rc2 Qa4 41. d5 Nb4 42. Rcd2 Qa1 43. Nf4 Qxb1 44. Rxb1 Be5 45. g3 Bxf4 46. gxf4 Nxd5 47. c6 Nc7 48. Rdxb2 Rxb2 49. Rxb2 Rd6 50. Rc2 Kg7 51. Kg2 Kf6 52. Kf3 Ke6 53. Rc5 Rd3+ 54. Kg2 Rd5 55. Rc3 Kd6 56. Rg3 Kxc6 57. Rxg6+ Rd6 58. Rg8 Kd5 59. Kf3 Ne6 60. Rh8 Nd4+ 61. Kg3 Rg6+ 62. Kh4 Ne2 63. Rf8 Ke4 64. Re8+ Kf3 65. Re5 Rf6 66. Rxf5 Rd6 67. Re5 Nxf4 68. Re3+ Kxf2 69. Rf3+ Kxf3 1/2-1/2

[Event "EU-ch Rapid (Women)"]
[Site "Monaco"]
[Date "2024.01.13"]
[Round "3"]
[White "Hejazipour, Mitra"]
[Black "Piddubna, Bozhena"]
[Result "1-0"]
[WhiteElo "2356"]
[BlackElo "2035"]
[PlyCount "79"]
[EventDate "2024.01.13"]
[EventType "swiss (rapid)"]
[EventRounds "11"]
[EventCountry "MNC"]
[SourceTitle "CB03_2024"]
[SourceDate "2024.01.17"]
[SourceVersion "1"]
[SourceVersionDate "2024.01.17"]
[SourceQuality "1"]

1. Nf3 Nf6 2. c4 e6 3. Nc3 b6 4. d4 Bb7 5. a3 Be7 6. d5 0-0 7. e4 exd5 8. cxd5 Re8 9. Bd3 d6 10. 0-0 Nbd7 11. Nd4 Bf8 12. Bg5 h6 13. Bxf6 Qxf6 14. Bb5 Rad8 15. Nc6 Bxc6 16. Bxc6 Re7 17. Qc2 Ne5 18. Bb5 Ng6 19. Rad1 Re5 20. g3 h5 21. f4 Re7 22. Ne2 Ra8 23. Bc6 Rd8 24. Nd4 a6 25. Nf5 Rde8 26. Bxe8 Rxe8 27. Rfe1 h4 28. Qc3 Qd8 29. Rc1 hxg3 30. hxg3 Qd7 31. Qc6 Qc8 32. Qxc7 Qa8 33. Nxd6 Bxd6 34. Qxd6 b5 35. Rc7 Qb8 36. b4 a5 37. bxa5 b4 38. axb4 Qb5 39. Qd7 Qd3 40. Qxf7+ 1-0

[Event "EU-ch Blitz (Women)"]
[Site "Monaco"]
[Date "2024.01.12"]
[Round "1"]
[White "Dubois, Martine"]
[Black "Hejazipour, Mitra"]
[Result "0-1"]
[WhiteElo "1799"]
[BlackElo "2356"]
[PlyCount "44"]
[EventDate "2024.01.12"]
[EventType "swiss (blitz)"]
[EventRounds "13"]
[EventCountry "MNC"]
[SourceTitle "CB03_2024"]
[SourceDate "2024.01.17"]
[SourceVersion "1"]
[SourceVersionDate "2024.01.17"]
[SourceQuality "1"]

1. e4 c5 2. c3 Nf6 3. e5 Nd5 4. d4 cxd4 5. Nf3 e6 6. cxd4 d6 7. Bc4 Be7 8. 0-0 0-0 9. Qe2 dxe5 10. dxe5 Bd7 11. Rd1 Bc6 12. Nc3 Nxc3 13. bxc3 Qc7 14. Bf4 Bxf3 15. gxf3 Nd7 16. Bg3 Rac8 17. Bd3 Nc5 18. Rac1 Rfd8 19. Bb1 g6 20. h4 Na4 21. Rxd8+ Qxd8 22. Qc2 Rxc3 0-1

[Event "EU-ch Blitz (Women)"]
[Site "Monaco"]
[Date "2024.01.12"]
[Round "10"]
[White "Hejazipour, Mitra"]
[Black "Khotenashvili, Bela"]
[Result "0-1"]
[WhiteElo "2356"]
[BlackElo "2467"]
[PlyCount "81"]
[EventDate "2024.01.12"]
[EventType "swiss (blitz)"]
[EventRounds "13"]
[EventCountry "MNC"]
[SourceTitle "CB03_2024"]
[SourceDate "2024.01.17"]
[SourceVersion "1"]
[SourceVersionDate "2024.01.17"]
[SourceQuality "1"]

1. Nf3 g6 2. c4 Bg7 3. Nc3 c5 4. g3 Nc6 5. Bg2 e6 6. 0-0 Nge7 7. d3 0-0 8. Ne4 d6 9. Bg5 f5 10. Nc3 h6 11. Be3 e5 12. Ne1 f4 13. Bd2 g5 14. Nd5 Ng6 15. b4 b6 16. b5 Nd4 17. Nb4 Bg4 18. Bd5+ Kh8 19. f3 Bh3 20. Ng2 cxb4 21. Bxa8 Qxa8 22. Bxb4 Qd8 23. a4 g4 24. Bc3 Qg5 25. Bxd4 exd4 26. fxg4 fxg3 27. hxg3 Qxg4 28. Rxf8+ Nxf8 29. Qe1 Be5 30. Kh2 Ne6 31. Qf2 Bxg2 32. Qxg2 Qh5+ 33. Kg1 Ng5 34. Qa8+ Kg7 35. Qh1 Qxe2 36. Qg2 Qxd3 37. Rf1 Qxc4 38. Qb7+ Kg6 39. Qe7 Qe6 40. Qf8 Bxg3 41. Kg2 0-1

[Event "EU-ch Blitz (Women)"]
[Site "Monaco"]
[Date "2024.01.12"]
[Round "12"]
[White "Hejazipour, Mitra"]
[Black "Schippke, Manon"]
[Result "1-0"]
[WhiteElo "2356"]
[BlackElo "2162"]
[PlyCount "64"]
[EventDate "2024.01.12"]
[EventType "swiss (blitz)"]
[EventRounds "13"]
[EventCountry "MNC"]
[SourceTitle "CB03_2024"]
[SourceDate "2024.01.17"]
[SourceVersion "1"]
[SourceVersionDate "2024.01.17"]
[SourceQuality "1"]

1. d4 d5 2. c4 c6 3. Nf3 Nf6 4. g3 dxc4 5. a4 e6 6. Bg2 Be7 7. 0-0 0-0 8. Ne5 c5 9. dxc5 Bxc5 10. Nxc4 Nc6 11. Nc3 a6 12. Bg5 Be7 13. Bxc6 bxc6 14. a5 Rb8 15. Qc2 Nd5 16. Bxe7 Qxe7 17. e4 Nb4 18. Qe2 e5 19. Nb6 Be6 20. Nca4 Rfd8 21. Rfd1 Rd4 22. Rxd4 exd4 23. Rc1 Rd8 24. Nc5 d3 25. Qd2 Na2 26. Nxe6 Qxe6 27. Re1 Qb3 28. e5 Nb4 29. Re4 Nc2 30. Nc4 h6 31. Nd6 f6 32. e6 Rb8 1-0

[Event "EU-ch Blitz (Women)"]
[Site "Monaco"]
[Date "2024.01.12"]
[Round "8"]
[White "Hejazipour, Mitra"]
[Black "Zimina, Olga"]
[Result "1-0"]
[WhiteElo "2356"]
[BlackElo "2291"]
[PlyCount "65"]
[EventDate "2024.01.12"]
[EventType "swiss (blitz)"]
[EventRounds "13"]
[EventCountry "MNC"]
[SourceTitle "CB03_2024"]
[SourceDate "2024.01.17"]
[SourceVersion "1"]
[SourceVersionDate "2024.01.17"]
[SourceQuality "1"]

1. Nf3 d5 2. d4 Nf6 3. c4 c6 4. g3 g6 5. Bg2 Bg7 6. 0-0 0-0 7. a4 a5 8. cxd5 cxd5 9. Qb3 Nc6 10. Nc3 Ra6 11. Nb5 Ne4 12. Bf4 Nb4 13. Bc7 Qd7 14. Bxa5 Nc6 15. Bc3 Nxc3 16. Qxc3 Re8 17. Rfc1 Qd8 18. Ne5 Nxe5 19. dxe5 Rc6 20. Qd4 Be6 21. e4 Rc4 22. Rxc4 dxc4 23. f4 Qb8 24. Rd1 Rc8 25. Nc3 Bg4 26. Rd2 Bf8 27. h3 Be6 28. Qb6 Rc6 29. Qa5 Ra6 30. Qd8 Qa7+ 31. Kh2 Qe3 32. Qd4 Qe1 33. Rd1 1-0

[Event "Titled Tuesday intern op 09th Jan Early"]
[Site "Chess.com INT"]
[Date "2024.01.09"]
[Round "6"]
[White "Hejazipour, Mitra"]
[Black "Domalchuk Jonasson, Aleksandr"]
[Result "0-1"]
[WhiteElo "2356"]
[BlackElo "2362"]
[PlyCount "96"]
[EventDate "2024.01.09"]
[EventType "swiss (blitz)"]
[EventRounds "11"]
[EventCountry "USA"]
[SourceTitle "CB03_2024"]
[SourceDate "2024.01.17"]
[SourceVersion "1"]
[SourceVersionDate "2024.01.17"]
[SourceQuality "1"]

1. e4 g6 2. d4 Bg7 3. Nc3 a6 4. a4 d6 5. Nf3 Nf6 6. Bc4 0-0 7. 0-0 Bg4 8. h3 Bxf3 9. Qxf3 Nc6 10. Qd1 e5 11. d5 Ne7 12. Be3 Nh5 13. Be2 Nf4 14. Qd2 Nxe2+ 15. Nxe2 f5 16. f3 f4 17. Bf2 g5 18. c4 h5 19. c5 g4 20. Bh4 Qd7 21. cxd6 cxd6 22. hxg4 Ng6 23. Bg5 hxg4 24. Nc3 gxf3 25. gxf3 Kf7 26. Qg2 Rh8 27. Kf2 Rag8 28. Rh1 Qc7 29. Qg4 Qb6+ 30. Ke2 Qe3+ 31. Kd1 Rxh1+ 32. Kc2 Rh2+ 33. Kb1 Rh1+ 34. Kc2 Rh2+ 35. Kb1 Re8 36. Qf5+ Kg8 37. Qxg6 Rf8 38. Qe6+ Kh8 39. Be7 Qe1+ 40. Ka2 Qxc3 41. Rb1 Qc4+ 42. Ka3 Qc5+ 43. Ka2 Qc4+ 44. Ka3 Re8 45. Qf7 Qc5+ 46. Ka2 Qc4+ 47. Ka3 Qc8 48. Bf6 Rg8 0-1

[Event "Titled Tuesday intern op 09th Jan Early"]
[Site "Chess.com INT"]
[Date "2024.01.09"]
[Round "8"]
[White "Kiseleva, Simona"]
[Black "Hejazipour, Mitra"]
[Result "1-0"]
[WhiteElo "2174"]
[BlackElo "2356"]
[PlyCount "93"]
[EventDate "2024.01.09"]
[EventType "swiss (blitz)"]
[EventRounds "11"]
[EventCountry "USA"]
[SourceTitle "CB03_2024"]
[SourceDate "2024.01.17"]
[SourceVersion "1"]
[SourceVersionDate "2024.01.17"]
[SourceQuality "1"]

1. d4 Nf6 2. c4 e6 3. Nc3 Bb4 4. Qc2 c5 5. dxc5 Na6 6. a3 Bxc3+ 7. Qxc3 Nxc5 8. e3 0-0 9. Nf3 Nce4 10. Qc2 d5 11. Bd3 b6 12. 0-0 Bb7 13. Rd1 Qe7 14. cxd5 exd5 15. Nd4 Rac8 16. Qe2 Qe5 17. f3 Nd6 18. Bd2 Rfe8 19. Qf2 Nc4 20. Bxc4 dxc4 21. e4 g6 22. Bc3 Qg5 23. h4 Qf4 24. Ne2 Nxe4 25. Nxf4 Nxf2 26. Kxf2 Rcd8 27. Bf6 Rxd1 28. Rxd1 Bc6 29. Rd8 Rxd8 30. Bxd8 Kf8 31. Ke3 Ke8 32. Bf6 Kd7 33. Nh3 Ke6 34. Bd4 h5 35. Ng5+ Ke7 36. Ne4 Ke6 37. Nd2 Bd5 38. Nb1 Bc6 39. Nc3 Kf5 40. g3 Ke6 41. Kf4 Kd6 42. g4 Kc7 43. Ne4 a6 44. gxh5 gxh5 45. Nf6 b5 46. Nxh5 Kd6 47. Nf6 1-0

[Event "Wch Blitz (Women)"]
[Site "Samarkand"]
[Date "2023.12.30"]
[Round "10"]
[White "Hejazipour, Mitra"]
[Black "Vaishali, Ramesh Babu"]
[Result "0-1"]
[WhiteElo "2356"]
[BlackElo "2497"]
[PlyCount "82"]
[EventDate "2023.12.29"]
[EventType "swiss (blitz)"]
[EventRounds "17"]
[EventCountry "UZB"]
[SourceTitle "CB01_2024"]
[SourceDate "2024.01.03"]
[SourceVersion "1"]
[SourceVersionDate "2024.01.03"]
[SourceQuality "1"]

1. Nf3 Nf6 2. c4 e6 3. d4 Bb4+ 4. Bd2 Qe7 5. Nc3 Bxc3 6. Bxc3 Ne4 7. Qc2 Nxc3 8. Qxc3 d6 9. e4 Nd7 10. Bd3 e5 11. d5 0-0 12. b4 f5 13. 0-0 fxe4 14. Bxe4 Nf6 15. Bc2 Qf7 16. Ng5 Qh5 17. Qg3 Bg4 18. Ne6 Bxe6 19. dxe6 Rae8 20. c5 d5 21. f4 Rxe6 22. fxe5 Qxe5 23. Qh4 Rfe8 24. h3 c6 25. Rad1 Qc3 26. Bb1 Ne4 27. Qh5 Qe3+ 28. Kh2 Nf6 29. Qh4 Qe5+ 30. Kh1 Qh5 31. Qf4 h6 32. Bf5 R6e7 33. Qg3 Qg5 34. Qd6 Re2 35. Qh2 Kh8 36. Bd3 Rxa2 37. Rf5 Qe3 38. Rxf6 gxf6 39. Qc7 Qe7 40. Qf4 Qg7 41. Rf1 Qxg2# 0-1

[Event "Wch Blitz (Women)"]
[Site "Samarkand"]
[Date "2023.12.29"]
[Round "2"]
[White "Aydin, Gulenay"]
[Black "Hejazipour, Mitra"]
[Result "0-1"]
[WhiteElo "2152"]
[BlackElo "2356"]
[PlyCount "75"]
[EventDate "2023.12.29"]
[EventType "swiss (blitz)"]
[EventRounds "17"]
[EventCountry "UZB"]
[SourceTitle "CB01_2024"]
[SourceDate "2024.01.03"]
[SourceVersion "1"]
[SourceVersionDate "2024.01.03"]
[SourceQuality "1"]

1. e4 c5 2. Nf3 d6 3. d4 cxd4 4. Nxd4 Nf6 5. Nc3 a6 6. a3 e5 7. Nf5 g6 8. Ne3 Be6 9. Bc4 Bxc4 10. Nxc4 b5 11. Ne3 Nbd7 12. Ned5 Nxd5 13. Nxd5 Bg7 14. 0-0 0-0 15. Be3 f5 16. exf5 gxf5 17. f3 Kh8 18. Nc3 Qf6 19. Qd2 Nc5 20. Rad1 Nb7 21. Qd5 Rf7 22. Rd2 Rg8 23. f4 Bh6 24. Qf3 e4 25. Qd1 Qg6 26. Rff2 Bg7 27. Rde2 h6 28. Qd5 Na5 29. Bd4 Nc4 30. b3 Nxa3 31. Bxg7+ Rfxg7 32. Qc6 Qf6 33. Nd5 Qd4 34. Kf1 Qc5 35. Qxa6 b4 36. Nf6 Rf8 37. Nh5 Ra7 38. Qxa7 0-1

[Event "Wch Blitz (Women)"]
[Site "Samarkand"]
[Date "2023.12.29"]
[Round "5"]
[White "Hejazipour, Mitra"]
[Black "Kazarian, Anna Maja"]
[Result "0-1"]
[WhiteElo "2356"]
[BlackElo "2204"]
[PlyCount "76"]
[EventDate "2023.12.29"]
[EventType "swiss (blitz)"]
[EventRounds "17"]
[EventCountry "UZB"]
[SourceTitle "CB01_2024"]
[SourceDate "2024.01.03"]
[SourceVersion "1"]
[SourceVersionDate "2024.01.03"]
[SourceQuality "1"]

1. Nf3 Nf6 2. c4 c6 3. d4 d5 4. g3 g6 5. Bg2 Bg7 6. 0-0 0-0 7. a4 a5 8. cxd5 Nxd5 9. e4 Nb4 10. Nc3 Bg4 11. Be3 Nd7 12. h3 Bxf3 13. Bxf3 Nb6 14. Be2 Nc8 15. Qb3 Bxd4 16. Rfd1 e5 17. Na2 Nxa2 18. Qxa2 Qf6 19. Bxd4 exd4 20. Qc4 Rd8 21. f4 Nb6 22. Qb3 c5 23. e5 Qe6 24. Qxe6 fxe6 25. Bb5 Kf7 26. b3 Nd5 27. Rd3 Ke7 28. Kf2 h5 29. Kf3 h4 30. Bc4 Ne3 31. g4 Rf8 32. Ra2 g5 33. f5 exf5 34. gxf5 Rxf5+ 35. Ke2 Rxe5 36. Kd2 Rf8 37. Ra1 Nxc4+ 38. bxc4 Rf2+ 0-1

[Event "Wch Rapid (Women)"]
[Site "Samarkand"]
[Date "2023.12.27"]
[Round "5"]
[White "Hejazipour, Mitra"]
[Black "Kurbonboeva, Sarvinoz"]
[Result "1/2-1/2"]
[WhiteElo "2356"]
[BlackElo "2154"]
[PlyCount "83"]
[EventDate "2023.12.26"]
[EventType "swiss (rapid)"]
[EventRounds "11"]
[EventCountry "UZB"]
[SourceTitle "CB01_2024"]
[SourceDate "2024.01.03"]
[SourceVersion "1"]
[SourceVersionDate "2024.01.03"]
[SourceQuality "1"]

1. Nf3 f5 2. d4 Nf6 3. c4 e6 4. g3 d5 5. Bg2 Bd6 6. c5 Be7 7. 0-0 0-0 8. Bf4 b6 9. b4 a5 10. cxb6 cxb6 11. b5 Ne4 12. Qc2 a4 13. Nbd2 Nd6 14. Rab1 Bd7 15. Bxd6 Bxd6 16. Ne5 Bxe5 17. dxe5 Ra5 18. Rb4 Rxb5 19. Rxb5 Bxb5 20. Nf3 Na6 21. Nd4 Bd7 22. Rb1 Nc5 23. Qb2 Qc7 24. Qxb6 Qxb6 25. Rxb6 Rc8 26. Rd6 Kf7 27. h3 Ke7 28. g4 g6 29. Rb6 Ne4 30. Bxe4 fxe4 31. Kg2 Rc1 32. e3 Ra1 33. Rb2 Kd8 34. Nc2 Rc1 35. Nd4 Ra1 36. f4 Kc7 37. h4 Re1 38. Kf2 Rh1 39. Kg3 Re1 40. Kf2 Rh1 41. Kg3 Re1 42. Kf2 1/2-1/2

[Event "Wch Rapid (Women)"]
[Site "Samarkand"]
[Date "2023.12.27"]
[Round "7"]
[White "Hejazipour, Mitra"]
[Black "Shukhman, Anna"]
[Result "1-0"]
[WhiteElo "2356"]
[BlackElo "2213"]
[PlyCount "101"]
[EventDate "2023.12.26"]
[EventType "swiss (rapid)"]
[EventRounds "11"]
[EventCountry "UZB"]
[SourceTitle "CB01_2024"]
[SourceDate "2024.01.03"]
[SourceVersion "1"]
[SourceVersionDate "2024.01.03"]
[SourceQuality "1"]

1. d4 f5 2. c4 Nf6 3. g3 g6 4. Bg2 Bg7 5. Nf3 0-0 6. 0-0 d6 7. d5 e5 8. dxe6 Bxe6 9. Ng5 Bc8 10. Nc3 c6 11. Bf4 h6 12. Nf3 Ne4 13. Nxe4 fxe4 14. Nh4 Rxf4 15. gxf4 Qxh4 16. Qxd6 Bf5 17. Bxe4 Bxe4 18. Qe6+ Kh7 19. Qxe4 Nd7 20. e3 Qg4+ 21. Qg2 Qxg2+ 22. Kxg2 Nc5 23. Rab1 a5 24. Rfd1 Re8 25. b3 g5 26. fxg5 hxg5 27. a3 Re4 28. b4 axb4 29. axb4 Na4 30. Rd7 Rg4+ 31. Kf3 Rxc4 32. Rxb7 Nc3 33. Rg1 Kg6 34. Rg4 Rxg4 35. Kxg4 Nd5 36. e4 Nc3 37. f3 Ne2 38. Rb6 Nd4 39. b5 Nxb5 40. Rxc6+ Kh7 41. Rc5 Nd4 42. Rxg5 Bf6 43. Rd5 Nc2 44. Kf5 Ba1 45. Kg5 Bg7 46. f4 Nd4 47. f5 Nf3+ 48. Kf4 Nxh2 49. Rd1 Bf8 50. Rh1 Bd6+ 51. e5 1-0

[Event "WchT (Women) Final"]
[Site "Bydgoszcz"]
[Date "2023.09.09"]
[Round "1.2"]
[White "Hejazipour, Mitra"]
[Black "Antolak, Julia"]
[Result "1/2-1/2"]
[WhiteElo "2323"]
[BlackElo "2299"]
[PlyCount "64"]
[EventDate "2023.09.09"]
[EventType "team-k.o. (rapid)"]
[EventRounds "3"]
[EventCountry "POL"]
[SourceTitle "EXT 2024"]
[Source "ChessBase"]
[SourceDate "2023.10.10"]
[SourceVersion "1"]
[SourceVersionDate "2023.10.10"]
[SourceQuality "1"]
[WhiteTeam "France (W)"]
[BlackTeam "Poland (W)"]
[WhiteTeamCountry "FRA"]
[BlackTeamCountry "POL"]

1. Nf3 c5 2. b3 Nf6 3. Bb2 g6 4. c4 Bg7 5. g3 0-0 6. Bg2 Nc6 7. 0-0 d6 8. d4 cxd4 9. Nxd4 Bd7 10. Nc2 Qc8 11. e4 Bh3 12. Qe2 a5 13. Nc3 Bxg2 14. Kxg2 Nd7 15. Na4 Bxb2 16. Nxb2 Nc5 17. f3 Qe6 18. Nd3 f5 19. Nf4 Qe5 20. exf5 Qxe2+ 21. Nxe2 gxf5 22. Rad1 Nb4 23. Nxb4 axb4 24. Rd2 Ra5 25. Nf4 Rfa8 26. Rff2 e6 27. Rfe2 Kf7 28. g4 fxg4 29. fxg4 R8a6 30. Nh5 Ke7 31. Nf4 Kf7 32. Nh5 Ke7 1/2-1/2

[Event "FRA-ch (Women)"]
[Site "L'Alpe d'Huez"]
[Date "2023.08.23"]
[Round "3.1"]
[White "Guichard, Pauline"]
[Black "Hejazipour, Mitra"]
[Result "0-1"]
[WhiteElo "2374"]
[BlackElo "2289"]
[PlyCount "70"]
[EventDate "2023.08.18"]
[EventType "k.o."]
[EventRounds "4"]
[EventCountry "FRA"]
[SourceTitle "EXT 2024"]
[Source "ChessBase"]
[SourceDate "2023.10.10"]
[SourceVersion "1"]
[SourceVersionDate "2023.10.10"]
[SourceQuality "1"]

1. d4 Nf6 2. c4 e6 3. Nc3 Bb4 4. e3 0-0 5. Bd3 d5 6. a3 Bxc3+ 7. bxc3 dxc4 8. Bxc4 c5 9. Nf3 b6 10. 0-0 Qc7 11. Bd3 Bb7 12. Re1 c4 13. Bc2 Ne4 14. Nd2 f5 15. Bb2 Rf6 16. Nf1 Rg6 17. f3 Ng5 18. Kh1 Bxf3 19. Qd2 Ne4 20. Bxe4 Bxe4 21. Ng3 Rxg3 22. hxg3 Qxg3 23. Kg1 Nc6 24. Qf2 Qg4 25. Kh2 Qh5+ 26. Kg1 Rf8 27. Qf4 Rf6 28. Qh2 Qg4 29. Qh3 Qg5 30. Kf2 Rh6 31. Qg3 Qxg3+ 32. Kxg3 Rg6+ 33. Kh3 Rxg2 34. Bc1 g5 35. a4 Ne7 0-1